000
00239nam a22001097a 4500
003
OSt
008
241203b |||||||| |||| 00| 0 eng d
041
_a
eng
100
_a
Gopalakrishnan Nair
_9
4471
245
_a
Nharambu Roghikal
942
_c
BK
999
_c
18208
_d
18208